Laufey album cover - Statistics

General Stats
  • This quiz has been taken 15 times
  • The average score is 21 of 27
Answer Stats
Picture Answer % Correct
A Matter Of Time
100%
A Night To Remember
100%
Bewitched
100%
From The Start
100%
Let You Break My Heart Again
100%
Typical Of Me
100%
A Matter Of Time: The Final Hour
92%
Everything I Know About Love
92%
Everything I Know About Love
92%
Silver Lining
92%
Street By Street
92%
A Very Laufey Holiday
83%
Bewitched: The Goddess Edition
83%
Someone New
83%
Valentine
83%
Where Or When
83%
Where Or When
83%
Ain't Christmas
75%
A Night At The Symphony
75%
Love Flew Away
75%
Love To Keep Me Warm
58%
The Reykjavík Sessions
58%
A Night At The Symphony: Live From The Hollywood Bowl
50%
Christmas With You
50%
The Longest Goodbye
50%
Bewitched (Reworked)
42%
Winter Wonderland
42%
No matching quizzes found
Score Distribution
Percent of People with Each Score
Percentile by Number Answered
Your Score History
You have not taken this quiz